000 00400nam a2200157Ia 4500
003 0100
008 130303s9999 xx 000 0 und d
040 _cARRUPELIB
050 _aBX2010.C281976
245 4 _aThe Rites of the Catholic Church as revised by decree of the second vatican Ecum
260 _aNY
260 _bPueblo Publishing Company
260 _C1976
300 _a756p
942 0 0 _01
999 _c29148
_d29148